01276nam a2200313 i 4500001001000000003001000010005001700020007000300037008004100040020001700081040004700098041000800145082002000153100003600173245004200209264004700251264001100298300002800309336002700337337003300364338002800397520031700425563001400742650003900756942000700795945001200802952013100814999001700945768714001CO-MdFUSB20210602155123.0ta200603t2010 ck |||| |||| 00| 0 spa d a978958704911 aCO-MdFUSBbspacCO-MdFUSBdCO-MdFUSBCerda aspa 223a863.7bV182 aVallejo, Fernandod1942-eautor 3aEl don de la vidac/ Fernando Vallejo 1aBogotá, Colombia : bAlfaguara, c[2010] 4c©2010 c162 páginas ; a24 cm 2rdacontentatextobtxt 2rdamediaasin mediaciónbn 2rdacarrieravolumenbnc a- Pero dígame una cosa, maestro; ¿Cuando usted dice "yo" en sus novelas es usted? - No, es un invento mío. Como yo. Yo también me inventé. Y aquí me tienen en esas bancas de viejos desocupados de este parque de mendigos y prostitutos hablando con el viento o con quien sea y al borde del negro abismo. aRústico 72embne92518aLiteratura colombiana cBK aJTF-925 00102ddc40708GENaFUSBCbFUSBCd2020-06-03l0oG 863.7 V182dp9571r2020-06-03 00:00:00tEj.1w2020-06-03yBKk18IINV2023 c66028d66028